01937nam a22003974a 4500001001200000003000800012006001900020007001500039008004100054010001700095015001900112016001800131020002800149040002100177035002100198043001200219050002400231082001800255100001700273245014300290260004800433300002300481500006700504504006400571505035700635533015200992650004301144650005701187650002701244650002901271651003801300655002901338700002901367710001701396856012601413ebr10170071CaPaEBRm u cr cn|||||||||050428s2006 ctua sb 001 0 eng  z 2005012039 aGBA5983122bnb7 z0133423412Uk z030010975X (alk. paper) aCaPaEBRcCaPaEBR a(OCoLC)123080673 an-us---14aHG181b.S797 2006eb04a332/.04242221 aSteil, Benn.10aFinancial statecrafth[electronic resource] :bthe role of financial markets in American foreign policy /cBenn Steil and Robert E. Litan. aNew Haven :bYale University Press,cc2006. aix, 208 p. :bill. a"A Council on Foreign Relations / Brookings Institution Book." aIncludes bibliographical references (p. 183-196) and index.00tWhat is financial statecraft? --tOf banks and bombs --tBanking and foreign policy --tFinance and the "war on terror" --tCapital markets sanctions --tOf currencies and crises --tThe security dimensions of currency crises --tThe economics of financial crises --tGlobal capital flows and U.S. foreign policy --tThe future of financial statecraft. aElectronic reproduction.bPalo Alto, Calif. :cebrary,d2013.nAvailable via World Wide Web.nAccess may be limited to ebrary affiliated libraries. 0aFinancial institutionszUnited States. 0aCapital movementsxGovernment policyzUnited States. 0aInternational finance. 0aInternational relations. 0aUnited StatesxForeign relations. 7aElectronic books.2local1 aLitan, Robert E.,d1950-2 aebrary, Inc.40uhttp://site.ebrary.com/lib/rucke/Doc?id=10170071zAn electronic book accessible through the World Wide Web; click to view